Online katalóg knižníc regiónu Turca

Slzy a víno : (Record no. 20932)

MARC details
000 -LEADER
fixed length control field 01023nam a22003371 4500
001 - CONTROL NUMBER
control field 20932
003 - CONTROL NUMBER IDENTIFIER
control field CZ PrNK
005 - DATE AND TIME OF LATEST TRANSACTION
control field 20260207102947.0
007 - PHYSICAL DESCRIPTION FIXED FIELD--GENERAL INFORMATION
fixed length control field ta
008 - FIXED-LENGTH DATA ELEMENTS--GENERAL INFORMATION
fixed length control field 011220s1964 xr a g 000 j slo
015 ## - NATIONAL BIBLIOGRAPHY NUMBER
National bibliography number cnb001108372
020 ## - INTERNATIONAL STANDARD BOOK NUMBER
Qualifying information (Váz.) :
Terms of availability Kčs 11,50
040 ## - CATALOGING SOURCE
Original cataloging agency ABA001
Language of cataloging cze
Transcribing agency ABA001
Modifying agency ABA001
041 1# - LANGUAGE CODE
Language code of text/sound track or separate title slo
Language code of original fre
044 ## - COUNTRY OF PUBLISHING/PRODUCING ENTITY CODE
MARC country code xr
-- xo
072 #7 - SUBJECT CATEGORY CODE
Subject category code 821.133.1-3
Subject category code subdivision Francouzská próza, francouzsky psaná
Source Konspekt
080 ## - UNIVERSAL DECIMAL CLASSIFICATION NUMBER
Universal Decimal Classification number 821.133.1-32
Edition identifier MRF
080 ## - UNIVERSAL DECIMAL CLASSIFICATION NUMBER
Universal Decimal Classification number (0:82-32)
Edition identifier MRF
080 ## - UNIVERSAL DECIMAL CLASSIFICATION NUMBER
Universal Decimal Classification number (082.21)
Edition identifier MRF
245 00 - TITLE STATEMENT
Title Slzy a víno :
Remainder of title francúzske poviedky 19. storočia /
Statement of responsibility, etc. [zost. a doslov napísal Anton Vantuch]
250 ## - EDITION STATEMENT
Edition statement 1. vyd.
260 ## - PUBLICATION, DISTRIBUTION, ETC.
Place of publication, distribution, etc. Bratislava :
Name of publisher, distributor, etc. Smena ;
Place of publication, distribution, etc. [Praha] :
Name of publisher, distributor, etc. Mladá fronta :
-- Naše vojsko,
Date of publication, distribution, etc. 1964
300 ## - PHYSICAL DESCRIPTION
Extent 267 s. :
Other physical details il. ;
Dimensions 21 cm
490 1# - SERIES STATEMENT
Series statement Máj ;
Volume/sequential designation zv. 38
655 #7 - INDEX TERM--GENRE/FORM
Genre/form data or focus term francouzské povídky
Source of term czenas
655 #7 - INDEX TERM--GENRE/FORM
Genre/form data or focus term antologie
Source of term czenas
700 1# - ADDED ENTRY--PERSONAL NAME
Personal name Vantuch, Anton,
Dates associated with a name 1921-2001
Relationship com
830 #0 - SERIES ADDED ENTRY--UNIFORM TITLE
Uniform title Máj (Smena)
910 ## - USER-OPTION DATA (OCLC)
User-option data ABA001
942 ## - ADDED ENTRY ELEMENTS (KOHA)
Source of classification or shelving scheme Dewey Decimal Classification
Koha item type Krásna literatúra pre dospelých
Suppress in OPAC No
Holdings
Stav vyradenia Strata Poškodenie Spôsob nadobudnutia Domovská knižnica Aktuálna knižnica Dátum nadobudnutia Total checkouts Čiarový kód exemplára Date last seen Typ exemplára
      Dar Obecná knižnica Horná Štubňa Obecná knižnica Horná Štubňa 07.02.2026   4736201099 07.02.2026 Krásna literatúra pre dospelých
Projekt je podporený Slovenskou asociáciou knižníc
Prevádzkuje Turčianska knižnica Martin 2026